Os Dois Príncipes (Registo nº 3901)

Detalhes MARC
000 -Etiqueta do registo
Cabeçalho 00441nam a2200181 i 4500
005 - Identificador da versão
Campo de controlo 20240813122047.0
100 ## - Dados gerais de processamento
Dados gerais de processamento 20101025 1973 c y0pory5003 ba
102 ## - Pais de publicação ou produção
País de publicação Portugal
101 0# - Língua de publicação
Língua do texto, banda sonora, etc. Português
215 ## - Descrição física 
Indicação específica da natureza do documento e extensão da espécie 54 p.
200 1# - Titulo e menção de responsabilidade
Título próprio Os Dois Príncipes
Primeira menção de responsabilidade Fernando Cardoso
Outras menções de responsabilidade il. Ferreira de Sousa
205 ## - Menção da edição
Menção da edição 3ª ed
210 ## - Publicação, Distribuição, etc. 
Lugar da edição, distribuição, etc. Lisboa
Nome do editor, distribuidor, etc. Plátano Editora
Data da publicação, distribuição, etc. 1973
700 #1 - Nome de autor-pessoa física (responsabilidade principal)
Número de registo de entrada de autoridade 0000363
Palavra de ordem Cardoso
Outra parte do nome não tomada para palavra de ordem Fernando
942 ## - Elementos de entrada adicionados (Koha)
Tipo de item no Koha Livro
Exemplares
Situação do levantamento Origin of item (home branch) (coded) Biblioteca de empréstimo Código de barras Cota Circulation type (not for loan) Tipo de documento Nota do exemplar Damaged status
  Biblioteca Escolar das Vendas Biblioteca Escolar das Vendas BEV246 8POR CAR   Livro Sem mensagem